000 00375 a2200157 4500
001 59640
020 _a3789139076
040 _cAnchieta - Pituba
100 _aJacobsson, Anders
240 1 0 _aBerts hemmungslose katastrophen
_lpor
245 1 0 _aBerts hemmungslose katastrophen
300 _a143
362 0 _a1995
650 4 _aLiteratura juvenil em alemão
942 _cBK
999 _c59640
_d59640